Personnages de fiction en images #10 - Statistiques

Statistiques générales
  • Ce quiz a été pris 143 fois
  • Le résultat moyen est 16 sur 40
Statistiques - réponses
Par images Hint Réponse % Correct
Aladdin Génie
96%
Balthazar Picsou
94%
Deadpool
93%
King Kong
92%
Harry Potter Drago Malefoy
89%
Dora l'exploratrice Chipeur
86%
Mickey Mouse Pluto
86%
Pokémon Dracaufeu
84%
Les Visiteurs Jacquouille la Fripouille
67%
Toy Story Zigzag
66%
Star Wars Palpatine
61%
Les Schtroumpfs Azraël
57%
Hubert Bonisseur de La Bath
56%
Les Gardiens de la Galaxie Star-Lord
51%
Malcolm Dewey
48%
Les Simpson Tahiti Bob
45%
La Flamme Anne
41%
Les Maîtres de l'univers Musclor
35%
Game of Thrones Robert Baratheon
34%
High School Musical Troy Bolton
32%
Bridget Jones
31%
Arcane Caitlyn Kiramman
24%
Le Labyrinthe Minho
24%
Glee Rachel Berry
22%
Halloween Michael Myers
21%
How I Met Your Mother Ted Mosby
19%
Satanas
18%
Roméo Montaigu
16%
Barbidur
15%
Suits Donna Paulsen
14%
Modern Family Manny Delgado
13%
The Office Andy Bernard
11%
Ici tout commence Anaïs Grimbert
8%
Breaking Bad Jane Margolis
7%
Le Monde de Nemo Gill
6%
Narcos Javier Peña
6%
Divergente Caleb Prior
5%
West Side Story Anita
4%
The Boys Ashley Barrett
4%
Inception Ariane
2%
Aucun quiz correspondant
Distribution des résultats
% des personnes avec chaque résultat
Percentile par nombre de réponses
Votre historique - résultats
Vous n’avez pas pris ce quiz